000 00646nam a2200229Ia 4500
003 OSt
005 20220927105501.0
006 a|||||r|||| 00| 0
007 ta
008 220926b |||||||| |||| 00| 0 eng d
024 _a173023
037 _cReference Collections
040 _aRTL
_cRTL
_beng
041 _2eng
_aeng
082 _a"V2,32p.N85, M5.8-19"
245 0 _aLok Sabha Debates
_b Third session.
260 _aNew
_bDelhi Lok Sabha Secretariat.
_c1985
300 _a544p.
_ccm.
490 _vVol 8; no.19
_aEighth Series.
942 _h"V2,32p.N85, M5.8-19"
_cCC
999 _c692821
_d692821